The Babbo Cookbook : (Record no. 603193)

MARC details
000 -LEADER
fixed length control field 00457nam a2200181 a 4500
001 - CONTROL NUMBER
control field 1766052739270
003 - CONTROL NUMBER IDENTIFIER
control field ACL
005 - DATE AND TIME OF LATEST TRANSACTION
control field 20251218154431.0
008 - FIXED-LENGTH DATA ELEMENTS--GENERAL INFORMATION
fixed length control field 251218s2002##################000#0#eng##
020 ## - INTERNATIONAL STANDARD BOOK NUMBER
International Standard Book Number 9780609607756
082 04 - DEWEY DECIMAL CLASSIFICATION NUMBER
Classification number 641.5945
Item number BAT
040 ## - CATALOGING SOURCE
Original cataloging agency ACL
Language of cataloging eng
Transcribing agency ACL
100 1# - MAIN ENTRY--PERSONAL NAME
Personal name Batali, Mario,
Relator term author.
245 10 - TITLE STATEMENT
Title The Babbo Cookbook :
260 ## - PUBLICATION, DISTRIBUTION, ETC.
Name of publisher, distributor, etc. Clarkson Potter Publishers,
Date of publication, distribution, etc. 2002.
650 #0 - SUBJECT ADDED ENTRY--TOPICAL TERM
Topical term or geographic name entry element Cookery, Italian.
942 ## - ADDED ENTRY ELEMENTS (KOHA)
Koha item type English Books
Holdings
Withdrawn status Lost status Damaged status Not for loan Home library Current library Shelving location Date acquired Total Checkouts Full call number Barcode Date last seen Price effective from Koha item type
        Anna Centenary Library Anna Centenary Library 6TH FLOOR, A WING 18.12.2025   641.5945 BAT 506338 18.12.2025 18.12.2025 English Books

Find us on the map